| 000 | 00360 a2200157 4500 | ||
|---|---|---|---|
| 001 | 13487 | ||
| 020 | _a9788506066508 | ||
| 040 | _cAnchieta - Aquarius | ||
| 100 | _aMoreira de Acopiara (Pseudônimo) | ||
| 240 | 1 | 0 |
_aColcha de Retalhos _lpor |
| 245 | 1 | 0 | _aColcha de Retalhos |
| 300 | _a | ||
| 362 | 0 | _a2011 | |
| 650 | 4 | _aLiteratura brasileira | |
| 942 | _cBK | ||
| 999 |
_c13487 _d13487 |
||